000 00786nam a22002417a 4500
001 87224
003 UA-OsUOA
005 20251223143857.0
007 ta
008 20120915b un ||||| |||| 00| 0 ukr d
040 _aUA-OsUOA
_brus
_cUA-OsUOA
_dUA-OsUOA
041 _arus
080 _a82.09:929
090 _a82.09:929
_bГ71
245 _aМаксим Горький в воспоминаниях современников
_bв двух томах
_cпод общ. ред. В. Вацуро
260 _aМ.
_bХудожественная литература
_c1981
300 _a445 с.
505 _gТ. 1
650 7 _a82 Література. Літературознавство
_2UDC
_915
700 1 _aВацуро В.
_eред.
_923006
942 _cBK
_2udc
955 _a1
999 _c373515
_d373515